000 03111cam a22005294i 4500
003 PE-LiUPU
005 20250731173408.0
008 150706s2012 pe a rb 000 0 spa d
020 _a9789972834349
035 _a(Sirsi) i9789972834349
040 _aPE-LiUPU
_bspa
_cPE-LiUPU
_erda
_dPE-LiUPU
_erda
049 _aPRUA
082 0 4 _a286.7385
_bL12
_221
082 0 4 _a286.732092
_bL12
_221
100 1 _aLa Serna Salcedo, Juan Carlos,
_eautor.
245 1 0 _aMisiones, modernidad y civilización de los campas :
_bhistoria de la presencia adventista entre los asháninkas de la selva central peruana (1920-1948) /
_cJuan Carlos La Serna Salcedo.
264 1 _aLima :
_bUniversidad Nacional Mayor de San Marcos. Facultad de Ciencias Sociales,
_c2012.
300 _a211 páginas :
_bilustraciones ;
_c21 centímetros
336 _atext
_2rdacontent
337 _aunmediated
_2rdamedia
338 _avolume
_2rdacarrier
504 _aIncluye bibliografía.
505 0 _aTrascendencia de la actividad misionera adventista -- Orígenes de la Iglesia Adventista del Séptimo Día -- Concepto de Misión dentro del adventismo -- Establecimiento del adventismo en el Perú -- Estructura eclesial y división del territorio misionero en el Perú -- Aproximación explicativa del éxito de las misiones indígenas: el caso de la experiencia misionera en el Altiplano peruano -- Construcción de un espacio regional: la selva central frente al proyecto misionero -- Reconstrucción histórica de las misiones del Perené (1920-1948) -- La estación misionera de Metraro -- El "gran bautismo" de las cascadas -- Establecimiento de la Misión de Sutsiki -- El problema de la epidemias al interior de las misiones -- Traslado de la estación misionera al Pichis -- La misión como agente de modernización y articulación regional.
526 _aSEG42
526 _aSEG41
526 _aSEG40
526 _aSEG39
526 _aP94
526 _aP87
526 _aP86
526 _aP85
526 _aP77
526 _aP76
526 _aP35
650 0 4 _aAdventistas del Séptimo Día
_xMisiones
_zPerú
_zRegión de la selva.
650 0 4 _aEvangelización
_zPerú
_zRegión de la selva.
910 _agl
_clch
_d20130425
942 _2ddc
_cBOOK
949 _a286.7385 L12
_wDEWEY
_c1
_i66465
_f2017-2-15
_g1
_lCCODEBUL1
_mBUL
_p15.00
_r0
_sY
_tBOOK
_u2015-7-6
_xTEOLOGIA
_zUNKNOWN
_0COMPRA
_o.STAFF. Colección General
949 _a286.7385 L12
_wDEWEY
_c2
_i67150
_lCIA
_mBWL
_r1
_sY
_tBOOK
_u2016-7-25
_xWHITE
_zUNKNOWN
_0COMPRA
_o.STAFF. Centro White
994 _aC0
_bPEPRU
596 _a1 4
999 _a286.732092 L12 2012
_wDEWEY
_c52576
_iCW67150
_f2021-12-23
_g2
_lCCODECWL1
_mBWL
_r1
_sY
_tBOOK
_u2016-7-25
_xWHITE
_zUNKNOWN
_0COMPRA
_o.STAFF. Centro White
_d52576
999 _a286.7385 L12
_wDEWEY
_c1
_i66465
_d2019-6-24
_e2019-3-19
_f2021-11-11
_g3
_lCCODEBUL1
_mBUL
_n3
_p15.00
_q1
_r0
_sY
_tBOOK
_u2015-7-6
_xTEOLOGIA
_PP35
_0COMPRA
_o.STAFF. Colección Teología
980 _81
_gALBERTO SANCHEZ Responsable de Automatización